|
|
|
|
| LEADER |
01216nam a2200289 a 4500 |
| 001 |
12308593 |
| 008 |
090629s2001 nyua b 001 0 eng d |
| 010 |
|
|
|a 2001030275
|
| 020 |
|
|
|a 0070163871
|
| 040 |
|
|
|a DLC
|c DLC
|d DLC
|
| 082 |
0 |
0 |
|a 729/.2
|2 21
|
| 100 |
1 |
|
|a De Chiara, Joseph,
|d 1929-
|
| 245 |
1 |
0 |
|a Time-saver standards for building types /
|c Joseph DeChiara, Michael Crosbie, editors.
|
| 250 |
|
|
|a 4th ed.
|
| 260 |
|
|
|a New York :
|b McGraw-Hill,
|c c2001.
|
| 300 |
|
|
|a xv, 1005 p. :
|b ill. ;
|c 29 cm.
|
| 504 |
|
|
|a Includes bibliographical references and index.
|
| 541 |
1 |
|
|e 00018666
|
| 650 |
|
0 |
|a Modular coordination (Architecture)
|
| 650 |
|
0 |
|a Building materials
|x Standards.
|
| 700 |
1 |
|
|a De Chiara, Joseph,
|d 1929-
|
| 700 |
1 |
|
|a Crosbie, Michael J.
|
| 852 |
4 |
|
|a Ayesha Abed Library
|j General shelf
|
| 942 |
0 |
0 |
|0 1
|
| 999 |
|
|
|c 1887
|d 1887
|
| 952 |
|
|
|0 0
|1 2
|2 ddc
|4 0
|6 729_200000000000000_DEC
|7 0
|9 1730
|a BRACUL
|b BRACUL
|c GEN
|d 2009-06-29
|g 4387.50
|l 3
|m 15
|o 729.2 DEC
|p 3010018666
|q 2017-07-18
|r 2014-05-28
|s 2014-05-28
|t 1
|w 2009-06-29
|y BK
|
| 952 |
|
|
|0 0
|1 0
|2 ddc
|4 0
|6 729_200000000000000_DEC_2001
|7 0
|9 8753
|a BRACUL
|b BRACUL
|c GEN
|d 2010-03-23
|l 18
|m 191
|o 729.2 DEC
|p 3010008435
|q 2026-05-18
|r 2026-02-23
|s 2026-02-23
|t 2
|w 2010-03-23
|y BK
|